00530nam a2200181 a 45000010010000000030011000100080041000210350026000620820016000881000022001042450020001262600047001466500018001939420012002119520090002239980020003139990015003330000-9021ELIB.Books110520 1984  a(ELIB.Books)0000-9170 a221.7 bCra aCraigie, Peter C. aTwelve Prophets bPhiladelphia: The Westminster Press c1984 aOld Testament 2ddccBK 00102ddc4070aKBTSbKBTSd2011-05-20l0p7480r2022-01-22 00:00:00w2022-01-22yBK cbate2011-05-20 c9021d9021